Teoría de la Constitución
में बचाया:
| मुख्य लेखक: | |
|---|---|
| स्वरूप: | अज्ञात |
| भाषा: | अंग्रेज़ी स्पेनिश |
| प्रकाशित: |
Barcelona, España
Ariel
2018
|
| संस्करण: | Primera edición |
| विषय: | |
| ऑनलाइन पहुंच: | Disponible Online - Cap 4 y 5 |
| टैग: |
टैग जोड़ें
कोई टैग नहीं, इस रिकॉर्ड को टैग करने वाले पहले व्यक्ति बनें!
|
MARC
| LEADER | 00000 a2200000 4500 | ||
|---|---|---|---|
| 003 | CL-VaPUC | ||
| 005 | 20210810204119.0 | ||
| 008 | 200113b ||||| |||| 00| 0 eng d | ||
| 999 | |c 376449 |d 376447 | ||
| 020 | |a 9788434427686 | ||
| 040 | |c Pontificia Universidad Católica de Valparaíso | ||
| 041 | |a spa | ||
| 082 | |a 342 LOE 2018 | ||
| 100 | |a Loewenstein, Karl |e autor |9 258603 | ||
| 245 | 1 | 0 | |a Teoría de la Constitución |
| 250 | |a Primera edición | ||
| 260 | 3 | |b Ariel |c 2018 |a Barcelona, España | |
| 300 | |a 619 p | ||
| 505 | 0 | |a Primera parte. El proceso plítico y los tipos de gobierno. Segunda parte. Los controles del poder político: La constitución y sus controles horizontales. Tercera parte. Los controles del poder político. Controles verticales. | |
| 583 | |k Hugo Gaete |c 20200113 | ||
| 650 | 0 | 0 | |a Derecho constitucional |9 222588 |
| 650 | 0 | 0 | |a Constitución |9 605626 |
| 650 | 0 | 0 | |a Fuentes del derecho |9 255162 |
| 856 | |u http://bibliografiadigital.pucv.cl.pucv.idm.oclc.org/index.php/bibliotecapucv/catalog/book/639 |y Disponible Online - Cap 4 y 5 | ||
| 942 | |2 ddc |c BK | ||
| 952 | |0 0 |1 0 |2 ddc |4 0 |6 342_000000000000000_LOE_2018 |7 0 |9 495827 |a BIBDER |b BIBDER |d 2020-01-07 |e 36 |g 22256.00 |i 5571758 |l 1 |m 3 |o 342 LOE 2018 |p 5571758 |q 2025-12-31 |r 2022-05-26 |s 2022-05-26 |t 1 |v 22256.00 |w 2020-01-07 |y BK |k DER | ||